<?xml version="1.0" encoding="UTF-8"?>
<record
    xmlns:xsi="http://www.w3.org/2001/XMLSchema-instance"
    xsi:schemaLocation="http://www.loc.gov/MARC21/slim http://www.loc.gov/standards/marcxml/schema/MARC21slim.xsd"
    xmlns="http://www.loc.gov/MARC21/slim">

  <leader>02028nam a22002897a 4500</leader>
  <controlfield tag="001">264</controlfield>
  <controlfield tag="003">OSt</controlfield>
  <controlfield tag="005">20250225100454.0</controlfield>
  <controlfield tag="008">250225b        |||||||g |||| 00| 0 eng d</controlfield>
  <datafield tag="020" ind1=" " ind2=" ">
    <subfield code="a">9786550791377</subfield>
  </datafield>
  <datafield tag="040" ind1=" " ind2=" ">
    <subfield code="b">por</subfield>
  </datafield>
  <datafield tag="041" ind1=" " ind2=" ">
    <subfield code="h">por</subfield>
  </datafield>
  <datafield tag="082" ind1=" " ind2=" ">
    <subfield code="a">981.51</subfield>
    <subfield code="b">A168i</subfield>
  </datafield>
  <datafield tag="100" ind1=" " ind2=" ">
    <subfield code="a">Academia Ibiaense de Letras</subfield>
    <subfield code="9">487</subfield>
  </datafield>
  <datafield tag="245" ind1=" " ind2=" ">
    <subfield code="a">Ibi&#xE1; </subfield>
    <subfield code="b">Cr&#xF4;nicas e poesias contadas / </subfield>
    <subfield code="c">Academia Ibiaense de Letras ; Ilustra&#xE7;&#xE3;o de Paulo Sheid</subfield>
  </datafield>
  <datafield tag="260" ind1=" " ind2=" ">
    <subfield code="a">Belo Horizonte</subfield>
    <subfield code="b">P&#xE1;ginas</subfield>
    <subfield code="c">2022</subfield>
  </datafield>
  <datafield tag="300" ind1=" " ind2=" ">
    <subfield code="a">214 p.</subfield>
    <subfield code="b">il.</subfield>
  </datafield>
  <datafield tag="520" ind1=" " ind2=" ">
    <subfield code="a">Este &#xE9; um livro escrito por muitas m&#xE3;os! Ditadas pelo cora&#xE7;&#xE3;o, que pulsa caloroso, Buscando na mem&#xF3;ria, aspectos desta terra, Aben&#xE7;oada e feliz, solo f&#xE9;rtil, dadivoso...
Muitos aqui viveram, trabalharam e lutaram, Dando sua parcela de contribui&#xE7;&#xE3;o, Para que hoje nossos filhos,
Aqui recebam educa&#xE7;&#xE3;o, sa&#xFA;de e lazer!
Sejam cidad&#xE3;os preparados,
Ciosos de seus deveres, Respeitando o meio ambiente, Buscando o Progresso, Com responsabilidade!
Ibi&#xE1; tem solo rico, Colheita abundante,
Muito trabalho para seus filhos, E para irm&#xE3;os de outras terras... Muita &#xE1;gua de boa qualidade, Meios de transporte, boas estradas, Cidade com infraestrutura adequada! Muito ainda precisa ser feito... N&#xE3;o podemos estacionar.
O mundo requer novos caminhos, Busca incessante de Progresso! Ibi&#xE1; significa "Cabeceiras Altas&#x201D;.
A Academia Ibiaense de Letras presta nesta obra, uma pequena contribui&#xE7;&#xE3;o ao desenvolvimento de Ibi&#xE1;, &#xE0; preserva&#xE7;&#xE3;o de sua mem&#xF3;ria e cultura.
Agradecemos o Incentivo da Secretaria Municipal de Cultura, que encaminhou este Projeto para obtermos o investimento da Lei Federal Aldir Blanc!
Agradecemos tamb&#xE9;m aos Confrades e Confreiras da Academia Ibiaense de Letras que redigiram este Livro.</subfield>
  </datafield>
  <datafield tag="650" ind1=" " ind2="0">
    <subfield code="a">Literatura Brasileira</subfield>
    <subfield code="9">205</subfield>
  </datafield>
  <datafield tag="650" ind1=" " ind2="0">
    <subfield code="a">Escritores Ibiaenses</subfield>
    <subfield code="9">480</subfield>
  </datafield>
  <datafield tag="650" ind1=" " ind2="0">
    <subfield code="a">Causos</subfield>
    <subfield code="9">481</subfield>
  </datafield>
  <datafield tag="650" ind1=" " ind2="0">
    <subfield code="a">Hist&#xF3;ria</subfield>
    <subfield code="9">116</subfield>
  </datafield>
  <datafield tag="655" ind1=" " ind2="0">
    <subfield code="a">Cr&#xF4;nicas </subfield>
    <subfield code="9">489</subfield>
  </datafield>
  <datafield tag="655" ind1=" " ind2="0">
    <subfield code="a">Poesia</subfield>
    <subfield code="9">490</subfield>
  </datafield>
  <datafield tag="700" ind1=" " ind2=" ">
    <subfield code="a">Paulo Sheid</subfield>
    <subfield code="e">Ilustra&#xE7;&#xE3;o</subfield>
    <subfield code="9">491</subfield>
  </datafield>
  <datafield tag="942" ind1=" " ind2=" ">
    <subfield code="2">ddc</subfield>
    <subfield code="n">0</subfield>
    <subfield code="c">BK</subfield>
  </datafield>
  <datafield tag="952" ind1=" " ind2=" ">
    <subfield code="0">0</subfield>
    <subfield code="1">0</subfield>
    <subfield code="2">ddc</subfield>
    <subfield code="3"> </subfield>
    <subfield code="4">0</subfield>
    <subfield code="7">0</subfield>
    <subfield code="8">NFIC</subfield>
    <subfield code="a">BIBIB</subfield>
    <subfield code="b">BIBIB</subfield>
    <subfield code="c">LI</subfield>
    <subfield code="d">2025-02-25</subfield>
    <subfield code="e">doa&#xE7;&#xE3;o</subfield>
    <subfield code="l">0</subfield>
    <subfield code="o">981.51 / A168i</subfield>
    <subfield code="p">2025-17217</subfield>
    <subfield code="r">2025-02-24 13:54:09</subfield>
    <subfield code="t">Ex. 01</subfield>
    <subfield code="w">2025-02-24</subfield>
    <subfield code="y">BK</subfield>
  </datafield>
  <datafield tag="999" ind1=" " ind2=" ">
    <subfield code="c">264</subfield>
    <subfield code="d">264</subfield>
  </datafield>
</record>
